15 Największych Miast Ukrainy i Białorusi na Mapie - Statystyki

Ogólne statystyki
  • Ten quiz został rozwiązany 285 razy
  • Średni wynik to 11 z 15
Odpowiedzi na mapie
Odpowiedzi zakodowano w zielono-czerwonej skali na mapie do tego quizu, zgodnie z poniższymi procentami.
 
Statystyki odpowiedzi
Państwo Miasto Populacja % Poprawnych
Ukraina Kijów 3 mln
100%
Białoruś Mińsk 2 mln
99%
Ukraina Lwów 710k
97%
Ukraina Charków 1,4 mln
92%
Ukraina Odessa 1 mln
90%
Ukraina Donieck 900k
88%
Ukraina Sewastopol 485k
75%
Ukraina Ługańsk 400k
65%
Ukraina Dniepropietrowsk 970k
64%
Białoruś Homel 500k
57%
Ukraina Mariupol 425k
55%
Ukraina Zaporoże 710k
55%
Ukraina Mikołajów 470k
48%
Ukraina Krzywy Róg 600k
42%
Ukraina Winnica 370k
39%
Nie znaleziono quizów pasujących do podanych kryteriów
Rozkład punktacji
Procent ludzi z każdym wynikiem
Percentyl według liczby udzielonych odpowiedzi
Twoja historia wyników
Nie rozwiązałeś tego quizu